000 00608pam a2200193 a 4500
020 _a030903826X
040 _cDLC
082 0 0 _a636 NAT 1988 A983 Or.
110 2 _aNational Research Council (U.S.).
245 1 0 _aNutrient requirements of dairy cattle /
250 _a6th rev. ed.
260 _aWashington, D.C. :
_bNational Academy Press,
_c1988.
300 _aviii, 157 p. :
_bill. ;
_c29 cm. +
_e1 computer disk (5 1/4 in.)
500 _aSystem requirements for computer disk:PC or MS DOS; hard disk.
500 _aIncludes index.
650 0 _aDairy cattle
650 0 _aDairy cattle
942 _cEK
999 _c16117
_d16117